| 000 | 00687nam a22001937a 4500 | ||
|---|---|---|---|
| 999 |
_c168778 _d168778 |
||
| 005 | 20191024145249.0 | ||
| 010 | _aUR-10554 | ||
| 020 |
_c300.00 _a8188998141 |
||
| 035 | _aU-9109 | ||
| 037 |
_bDBAD/PUB _a- |
||
| 082 | _a840.92 | ||
| 100 | _aقا سمی عطا الر حمن | ||
| 245 |
_aنقو ش خا طر _c قا سمی عطا الر حمن |
||
| 246 |
_bNaqoosh-e-Khatir (Urdu) _aby Moulana Mufti Attaur Rehman Qasmi |
||
| 260 |
_aN.Delhi _bMarkazi Maktaba Islami Publishers _c2015 ء |
||
| 270 |
_aN-80/C,Block-N ,Abulfazal Enclave, Jamia Ngr. _bNew Delhi _e110025 _k01126953430 _l- |
||
| 300 |
_a262 ص _c22 Cm(Hb) |
||
| 942 |
_2ddc _cUR _h840.92 _mق ا س |
||